000 00345nam a2200145Ia 4500
005 20240823064315.0
008 240823s9999||||xx |||||||||||||| ||und||
082 _A005.7565 P4
100 _aDeshpande P S
245 0 _aSQL / PLSQL for Oracle 9i
260 _b"Wiley,New "
500 _aYES
650 _aSQL
_bComputer Science
942 _cNB
999 _c240395
_d240395